• 首页
  • 本馆介绍
  • 公告通知
  • 最新文献
  • 馆藏检索
  • 电子资源
  • 读者导购
  • 参考咨询
  • 我的图书馆
  • 登录
  • 详细信息显示
  • 放入我的书架
  • 预约/预借图书
  • 作者相关作品
  • 分类相关作品
  • 丛书相关作品
  • 出版社相关作品

书目信息

  • 表格格式
  • 工作单格式
  • 卡片格式
题名:
数字电位器应用指南
    
 
作者: 沙占友 主编
分册:  
出版信息: 北京   化学工业出版社  2008
页数: 333页
开本: 21cm
丛书名:
单 册:
中图分类: TM547
科图分类:
主题词: 数字电位器
电子资源:
ISBN: 978-7-122-01787-1
000 00752nam0 2200229 45
001 1029932769
005 20100429093956.03
010    @a978-7-122-01787-1@dCNY25.00
100    @a20100420d2008 em y0chiy50 ea
101 0  @achi
102    @aCN@b110000
105    @ay z 000yy
106    @ar
200 1  @a数字电位器应用指南@AShu Zi Dian Wei Qi Ying Yong Zhi Nan@f沙占友主编@FSha Zhan You Zhu Bian
210    @a北京@c化学工业出版社@d2008
215    @a333页@d21cm
330    @a本书主要介绍了数字电位器的基本原理、使用注意事项、接口电路及典型应用、常用工具软件及应用实例等内容。
606 0  @a数字电位器
690    @aTM547@v4
701  0 @a沙占友@ASha Zhan You@f(1944.9~)@4主编
801  0 @aCN@bTANGWEI@c20100429
905    @b0594482-86@dTM547@e25@f5
    
    数字电位器应用指南/沙占友主编.-北京:化学工业出版社,2008
    333页;21cm
    
    
    ISBN 978-7-122-01787-1:CNY25.00
    本书主要介绍了数字电位器的基本原理、使用注意事项、接口电路及典型应用、常用工具软件及应用实例等内容。
●
相关链接 在E读中查询图书 在五车中查询图书 在当当中查询图书 在豆瓣中查询图书


正题名:数字电位器应用指南     索取号:TM547/25         预约/预借

序号 登录号 条形码 馆藏地/架位号 状态 备注
1 0594482   205944825   第二样本阅览室/ [索取号:TM547/25] 在馆    
2 0594483   205944834   第三借阅区/ [索取号:TM547/25] 在馆    
3 0594484   205944843   第三借阅区/ [索取号:TM547/25] 在馆    
4 0594485   205944852   第三借阅区/ [索取号:TM547/25] 在馆    
5 0594486   205944861   第三借阅区/ [索取号:TM547/25] 在馆    
唐山师范学院图书馆 欢迎您!
大连网信软件有限公司© 版权所有